Irish Cities - Sudden Death - Statistics

General Stats
  • This quiz has been taken 4,341 times
    4,072 since last reset
  • The average score is 6 of 21
Answers on the Grid
Answers color-coded by a green-red scale on the quiz's grid according to % correct below.
Cork
Lille
Essen
Wellington
Limerick
Sligo
Edmonton
Mullingar
Belfast
Naas
Aberdeen
Rockhampton
Dublin
Wexford
Carrickfergus
Dundalk
Antigonish
Blackpool
Tullamore
Mossel Bay
Kildare
Invercargill
Braintree
Sarnia
Letterkenny
Drogheda
Perpignan
Inverness
Herning
Athlone
Dundee
Waterford
Holyhead
Castries
Swords
Swansea
James Joyce
Tralee
Navan
Anticosti
Ballycastle
Kilkenny
Bonavista
Baia Mare
Newbridge
Gliwice
Carlow
Meath
Shrewsbury
Galway
Appledoorn
 
Answer Stats
Answer % Correct
Cork
95%
Limerick
80%
Dublin
59%
Sligo
51%
Galway
38%
Waterford
29%
Kilkenny
28%
Wexford
27%
Dundalk
24%
Drogheda
23%
Kildare
23%
Letterkenny
20%
Mullingar
19%
Tullamore
16%
Carlow
12%
Naas
11%
Tralee
11%
Athlone
10%
Swords
8%
Navan
7%
Newbridge
4%
No matching quizzes found
Score Distribution
Percent of People with Each Score
Percentile by Number Answered
Your Score History
You have not taken this quiz since the last reset